<?xml version="1.0" encoding="UTF-8"?>
<record
    xmlns:xsi="http://www.w3.org/2001/XMLSchema-instance"
    xsi:schemaLocation="http://www.loc.gov/MARC21/slim http://www.loc.gov/standards/marcxml/schema/MARC21slim.xsd"
    xmlns="http://www.loc.gov/MARC21/slim">

  <leader>01935nam2a22002771  4500</leader>
  <controlfield tag="001">RU\NLR\INFOCOMM29\5000131089</controlfield>
  <controlfield tag="005">20250617133432.0</controlfield>
  <datafield tag="035" ind1=" " ind2=" ">
    <subfield code="a">(NLR Aleph) 002634105</subfield>
  </datafield>
  <datafield tag="090" ind1=" " ind2=" ">
    <subfield code="a">3727404</subfield>
    <subfield code="c">3727404</subfield>
  </datafield>
  <datafield tag="100" ind1=" " ind2=" ">
    <subfield code="a">20050224d1961    |||y0rusy50      ca</subfield>
  </datafield>
  <datafield tag="101" ind1="0" ind2=" ">
    <subfield code="a">rus</subfield>
  </datafield>
  <datafield tag="102" ind1=" " ind2=" ">
    <subfield code="a">RU</subfield>
  </datafield>
  <datafield tag="105" ind1=" " ind2=" ">
    <subfield code="a">y   ||||000|y</subfield>
  </datafield>
  <datafield tag="200" ind1="1" ind2=" ">
    <subfield code="a">&#x411;&#x44B;&#x441;&#x442;&#x440;&#x43E;&#x434;&#x435;&#x439;&#x441;&#x442;&#x432;&#x443;&#x44E;&#x449;&#x438;&#x439; &#x434;&#x432;&#x443;&#x445;&#x43F;&#x43E;&#x43B;&#x44E;&#x441;&#x43D;&#x44B;&#x439; &#x440;&#x442;&#x443;&#x442;&#x43D;&#x43E;-&#x441;&#x442;&#x440;&#x443;&#x439;&#x43D;&#x44B;&#x439; &#x43F;&#x435;&#x440;&#x435;&#x43A;&#x43B;&#x44E;&#x447;&#x430;&#x442;&#x435;&#x43B;&#x44C; &#x434;&#x43B;&#x44F; &#x441;&#x438;&#x441;&#x442;&#x435;&#x43C; &#x43C;&#x43D;&#x43E;&#x433;&#x43E;&#x442;&#x43E;&#x447;&#x435;&#x447;&#x43D;&#x43E;&#x433;&#x43E; &#x43A;&#x43E;&#x43D;&#x442;&#x440;&#x43E;&#x43B;&#x44F;</subfield>
    <subfield code="f">&#x410;.&#x41D;. &#x41A;&#x430;&#x440;&#x430;&#x443;&#x43B;&#x43E;&#x432; &#x438; &#x434;&#x440;.</subfield>
  </datafield>
  <datafield tag="210" ind1=" " ind2=" ">
    <subfield code="d">1961</subfield>
    <subfield code="a">&#x411;. &#x43C;.</subfield>
  </datafield>
  <datafield tag="225" ind1="1" ind2=" ">
    <subfield code="a">&#x422;&#x435;&#x43C;&#x430; 26. &#x42D;&#x43B;&#x435;&#x43A;&#x442;&#x440;&#x43E;&#x43E;&#x431;&#x43E;&#x440;&#x443;&#x434;&#x43E;&#x432;&#x430;&#x43D;&#x438;&#x435; &#x43F;&#x440;&#x43E;&#x43C;&#x44B;&#x448;&#x43B;&#x435;&#x43D;&#x43D;&#x44B;&#x445; &#x43F;&#x440;&#x435;&#x434;&#x43F;&#x440;&#x438;&#x44F;&#x442;&#x438;&#x439;</subfield>
    <subfield code="v">&#x412;&#x44B;&#x43F;.20</subfield>
  </datafield>
  <datafield tag="423" ind1=" " ind2="0">
    <subfield code="1">2001#$a&#x41F;&#x440;&#x43E;&#x433;&#x440;&#x430;&#x43C;&#x43C;&#x43D;&#x44B;&#x439; &#x440;&#x435;&#x433;&#x443;&#x43B;&#x44F;&#x442;&#x43E;&#x440; &#x434;&#x43B;&#x44F; &#x432;&#x43A;&#x43B;&#x44E;&#x447;&#x435;&#x43D;&#x438;&#x44F; &#x438;&#x441;&#x43F;&#x43E;&#x43B;&#x43D;&#x438;&#x442;&#x435;&#x43B;&#x44C;&#x43D;&#x44B;&#x445; &#x43C;&#x435;&#x445;&#x430;&#x43D;&#x438;&#x437;&#x43C;&#x43E;&#x432;$f&#x415;.&#x411;. &#x411;&#x443;&#x440;&#x441;&#x43E;, &#x41F;.&#x41C;. &#x421;&#x443;&#x440;&#x438;&#x43A;&#x43E;&#x432;</subfield>
    <subfield code="1">700#1$a&#x411;&#x443;&#x440;&#x441;&#x43E;$b&#x415;.&#x411;.</subfield>
    <subfield code="1">701#1$a&#x421;&#x443;&#x440;&#x438;&#x43A;&#x43E;&#x432;$b&#x41F;.&#x41C;.</subfield>
    <subfield code="t">&#x41F;&#x440;&#x43E;&#x433;&#x440;&#x430;&#x43C;&#x43C;&#x43D;&#x44B;&#x439; &#x440;&#x435;&#x433;&#x443;&#x43B;&#x44F;&#x442;&#x43E;&#x440; &#x434;&#x43B;&#x44F; &#x432;&#x43A;&#x43B;&#x44E;&#x447;&#x435;&#x43D;&#x438;&#x44F; &#x438;&#x441;&#x43F;&#x43E;&#x43B;&#x43D;&#x438;&#x442;&#x435;&#x43B;&#x44C;&#x43D;&#x44B;&#x445; &#x43C;&#x435;&#x445;&#x430;&#x43D;&#x438;&#x437;&#x43C;&#x43E;&#x432;</subfield>
    <subfield code="a">&#x411;&#x443;&#x440;&#x441;&#x43E;, &#x415;.&#x411;.</subfield>
  </datafield>
  <datafield tag="461" ind1=" " ind2="0">
    <subfield code="1">001RU\NLR\INFOCOMM29\5000130052</subfield>
    <subfield code="1">2001#$a&#x41F;&#x435;&#x440;&#x435;&#x434;&#x43E;&#x432;&#x43E;&#x439; &#x43D;&#x430;&#x443;&#x447;&#x43D;&#x43E;-&#x442;&#x435;&#x445;&#x43D;&#x438;&#x447;&#x435;&#x441;&#x43A;&#x438;&#x439; &#x438; &#x43F;&#x440;&#x43E;&#x438;&#x437;&#x432;&#x43E;&#x434;&#x441;&#x442;&#x432;&#x435;&#x43D;&#x43D;&#x44B;&#x439; &#x43E;&#x43F;&#x44B;&#x442;$i[&#x41F;&#x440;&#x43E;&#x43C;&#x44B;&#x448;&#x43B;&#x435;&#x43D;&#x43D;&#x430;&#x44F; &#x44D;&#x43D;&#x435;&#x440;&#x433;&#x435;&#x442;&#x438;&#x43A;&#x430;]$f&#x410;&#x43A;&#x430;&#x434;. &#x43D;&#x430;&#x443;&#x43A; &#x421;&#x421;&#x421;&#x420;. &#x424;&#x438;&#x43B;&#x438;&#x430;&#x43B; &#x412;&#x441;&#x435;&#x441;&#x43E;&#x44E;&#x437;. &#x438;&#x43D;-&#x442;&#x430; &#x43D;&#x430;&#x443;&#x447;. &#x438; &#x442;&#x435;&#x445;&#x43D;. &#x438;&#x43D;&#x444;&#x43E;&#x440;&#x43C;&#x430;&#x446;&#x438;&#x438;$v1961, &#x2116;&#x42D;-61-71</subfield>
    <subfield code="9">3725046</subfield>
    <subfield code="c">&#x41C;.</subfield>
    <subfield code="d">1958-</subfield>
    <subfield code="f">&#x410;&#x43A;&#x430;&#x434;. &#x43D;&#x430;&#x443;&#x43A; &#x421;&#x421;&#x421;&#x420;. &#x424;&#x438;&#x43B;&#x438;&#x430;&#x43B; &#x412;&#x441;&#x435;&#x441;&#x43E;&#x44E;&#x437;. &#x438;&#x43D;-&#x442;&#x430; &#x43D;&#x430;&#x443;&#x447;. &#x438; &#x442;&#x435;&#x445;&#x43D;. &#x438;&#x43D;&#x444;&#x43E;&#x440;&#x43C;&#x430;&#x446;&#x438;&#x438;</subfield>
    <subfield code="i">[&#x41F;&#x440;&#x43E;&#x43C;&#x44B;&#x448;&#x43B;&#x435;&#x43D;&#x43D;&#x430;&#x44F; &#x44D;&#x43D;&#x435;&#x440;&#x433;&#x435;&#x442;&#x438;&#x43A;&#x430;]</subfield>
    <subfield code="t">&#x41F;&#x435;&#x440;&#x435;&#x434;&#x43E;&#x432;&#x43E;&#x439; &#x43D;&#x430;&#x443;&#x447;&#x43D;&#x43E;-&#x442;&#x435;&#x445;&#x43D;&#x438;&#x447;&#x435;&#x441;&#x43A;&#x438;&#x439; &#x438; &#x43F;&#x440;&#x43E;&#x438;&#x437;&#x432;&#x43E;&#x434;&#x441;&#x442;&#x432;&#x435;&#x43D;&#x43D;&#x44B;&#x439; &#x43E;&#x43F;&#x44B;&#x442;</subfield>
    <subfield code="v">1961, &#x2116;&#x42D;-61-71</subfield>
  </datafield>
  <datafield tag="700" ind1=" " ind2="1">
    <subfield code="a">&#x41A;&#x430;&#x440;&#x430;&#x443;&#x43B;&#x43E;&#x432;</subfield>
    <subfield code="b">&#x410;.&#x41D;.</subfield>
    <subfield code="4">070</subfield>
  </datafield>
  <datafield tag="801" ind1=" " ind2="1">
    <subfield code="a">RU</subfield>
    <subfield code="b">InfoComm</subfield>
    <subfield code="c">20050225</subfield>
  </datafield>
  <datafield tag="801" ind1=" " ind2="0">
    <subfield code="a">RU</subfield>
    <subfield code="b">NLR</subfield>
    <subfield code="g">PSBO</subfield>
  </datafield>
  <datafield tag="852" ind1=" " ind2=" ">
    <subfield code="a">NLR</subfield>
    <subfield code="j">&#x41F;11/1539</subfield>
  </datafield>
  <datafield tag="942" ind1=" " ind2=" ">
    <subfield code="c">ISSUE</subfield>
  </datafield>
  <datafield tag="980" ind1=" " ind2=" ">
    <subfield code="a">NB</subfield>
  </datafield>
  <datafield tag="980" ind1=" " ind2=" ">
    <subfield code="a">RUSPER</subfield>
  </datafield>
</record>
